History Quiz

Random History or World Quiz

World Leaders By Picture Quiz Stats

 Plays Quiz not verified by Sporcle

Challenge
Share
Tweet
Score 0/10 Timer 03:00
0 Plays Today
Leader % Correct
Angela Merkel
87.7%
Gordon Brown
79.8%
Robert Mugabe
63.5%
Manmohan Singh
42.2%
Stephen Harper
37.9%
Felipe Calderón
11.6%
Taro Aso
8%
Mikheil Saakashvili
5.2%
Jalal Talabani
3.7%
Han Seung-soo
1.4%

You're not logged in!

Compare scores with friends on all Sporcle quizzes.
OR
Log In

You Might Also Like...

Show Comments

Extras

Created Dec 27, 2009ReportNominate
Tags:World Quiz, Image Quiz, office

Top Quizzes Today


Score Distribution

Your Account Isn't Verified!

In order to create a playlist on Sporcle, you need to verify the email address you used during registration. Go to your Sporcle Settings to finish the process.

Report this User

Report this user for behavior that violates our Community Guidelines.

Details: